[Event "Santa Catarina-chT"]
[Site "Piratuba"]
[Date "2018.04.14"]
[Round "2.1"]
[White "De Pieri, Herik Soares"]
[Black "Valcarenghi, Cristina"]
[Result "1/2-1/2"]
[WhiteElo "1861"]
[BlackElo "1915"]
[PlyCount "51"]
[EventDate "2018.04.13"]
[EventType "team-swiss"]
[EventRounds "5"]
[EventCountry "BRA"]
[SourceTitle "CBM 184 Extra"]
[Source "ChessBase"]
[SourceDate "2018.06.28"]
[SourceVersion "1"]
[SourceVersionDate "2018.06.28"]
[SourceQuality "1"]
[WhiteTeam "Jaragua do Sul II"]
[BlackTeam "Sicoob Gelnex"]
[WhiteTeamCountry "BRA"]
[BlackTeamCountry "BRA"]

1. e4 c5 2. c3 d5 3. exd5 Qxd5 4. Nf3 Nc6 5. Be2 Nf6 6. 0-0 Bf5 7. Na3 Bd3 8. Re1 e6 9. Qa4 Bxe2 10. Rxe2 Bd6 11. d4 0-0 12. dxc5 Bxc5 13. Bg5 Qf5 14. Qb5 Bxa3 15. Qxf5 exf5 16. Bxf6 Bc5 17. Bg5 f6 18. Be3 Rfe8 19. Rae1 Bxe3 20. Rxe3 Rxe3 21. Rxe3 Rd8 22. Kf1 Kf7 23. Ke2 Rd5 24. Rd3 Rxd3 25. Kxd3 Ne5+ 26. Nxe5+ 1/2-1/2

[Event "Florianopolis op 3rd"]
[Site "Florianopolis"]
[Date "2017.01.24"]
[Round "7"]
[White "Leitao, Nicolau Daulibe"]
[Black "De Pieri, Herik Soares"]
[Result "1-0"]
[WhiteElo "2160"]
[BlackElo "1735"]
[PlyCount "29"]
[EventDate "2017.01.20"]
[EventType "swiss"]
[EventRounds "10"]
[EventCountry "BRA"]
[SourceTitle "CBM 176 Extra"]
[Source "ChessBase"]
[SourceDate "2017.03.02"]
[SourceVersion "1"]
[SourceVersionDate "2017.03.02"]
[SourceQuality "1"]

1. d4 Nf6 2. c4 g6 3. Nc3 d5 4. Bf4 Bg7 5. e3 0-0 6. Nf3 c5 7. dxc5 Qa5 8. Rc1 Rd8 9. Qb3 Qxc5 10. cxd5 Nxd5 11. Bc4 Be6 12. Nxd5 Bxd5 13. 0-0 Bxc4 14. Rxc4 Qd5 15. Rc8 1-0

[Event "Florianopolis op 3rd"]
[Site "Florianopolis"]
[Date "2017.01.21"]
[Round "2"]
[White "De Pieri, Herik Soares"]
[Black "Salustiano, Murilo Gimenez"]
[Result "1/2-1/2"]
[WhiteElo "1735"]
[BlackElo "1967"]
[PlyCount "48"]
[EventDate "2017.01.20"]
[EventType "swiss"]
[EventRounds "10"]
[EventCountry "BRA"]
[SourceTitle "CBM 176 Extra"]
[Source "ChessBase"]
[SourceDate "2017.03.02"]
[SourceVersion "1"]
[SourceVersionDate "2017.03.02"]
[SourceQuality "1"]

1. e4 c5 2. c3 e6 3. Nf3 d5 4. exd5 exd5 5. d4 Nc6 6. Be2 Nf6 7. 0-0 Be7 8. dxc5 Bxc5 9. Nbd2 0-0 10. Nb3 Be7 11. Bf4 Bd6 12. Bg5 Be7 13. Re1 Re8 14. Nbd4 Qb6 15. Qc2 Nxd4 16. Nxd4 Bd7 17. Bf3 Rac8 18. Rad1 Ne4 19. Bxe4 dxe4 20. Bxe7 Rxe7 21. Rxe4 Rxe4 22. Qxe4 Qxb2 23. Qd5 Ba4 24. Nf5 Qe2 1/2-1/2

[Event "Florianopolis Santa Catarina zt"]
[Site "Florianopolis"]
[Date "2015.09.12"]
[Round "4"]
[White "De Pieri, Herik Soares"]
[Black "Martins, Anderson Donay"]
[Result "0-1"]
[WhiteElo "1711"]
[BlackElo "2004"]
[PlyCount "48"]
[EventDate "2015.09.11"]
[EventType "swiss"]
[EventRounds "6"]
[EventCountry "BRA"]
[SourceTitle "EXT 2016"]
[Source "ChessBase"]
[SourceDate "2015.10.08"]
[SourceVersion "1"]
[SourceVersionDate "2015.10.08"]
[SourceQuality "1"]

1. e4 c5 2. c3 d5 3. exd5 Qxd5 4. Nf3 Nc6 5. Na3 Bg4 6. Be2 0-0-0 7. Qa4 Bd7 8. Qf4 e5 9. Qg3 f5 10. d4 f4 11. Qg5 Be7 12. Qxg7 Bf6 13. Qxh8 Bxh8 14. Nb5 cxd4 15. c4 Qc5 16. a3 a6 17. Bd2 axb5 18. cxb5 e4 19. Rc1 Qd6 20. Ng5 e3 21. fxe3 fxe3 22. Ba5 d3 23. Bxd3 Qxd3 24. Nf7 Bxb2 0-1

[Event "Santa Catarina State-ch sf1 61st"]
[Site "Sao Bento do Sul"]
[Date "2015.03.08"]
[Round "5"]
[White "De Pieri, Herik Soares"]
[Black "Da Silva Junior, Marco Aurelio"]
[Result "1/2-1/2"]
[WhiteElo "1731"]
[BlackElo "1538"]
[PlyCount "44"]
[EventDate "2015.03.06"]
[EventType "swiss"]
[EventRounds "6"]
[EventCountry "BRA"]
[SourceTitle "EXT 2016"]
[Source "ChessBase"]
[SourceDate "2015.10.08"]
[SourceVersion "1"]
[SourceVersionDate "2015.10.08"]
[SourceQuality "1"]

1. e4 d6 2. d4 Nf6 3. Bd3 c6 4. f4 Qa5+ 5. c3 e5 6. Nf3 Bg4 7. fxe5 dxe5 8. 0-0 Bd6 9. Qb3 Bxf3 10. Rxf3 b5 11. Bg5 Nbd7 12. Rf5 exd4 13. cxd4 h6 14. Be3 Qe1+ 15. Bf1 Bxh2+ 16. Kxh2 Ng4+ 17. Kh3 Qxe3+ 18. Qxe3 Nxe3 19. Rf2 Nxf1 20. Rxf1 0-0 21. Nd2 Rad8 22. Rac1 Ne5 1/2-1/2

[Event "BRA-ch U20"]
[Site "Blumenau"]
[Date "2014.12.12"]
[Round "2"]
[White "De Pieri, Herik Soares"]
[Black "Goncalves, Ruan Lucas Alves"]
[Result "0-1"]
[WhiteElo "1725"]
[BlackElo "1884"]
[PlyCount "52"]
[EventDate "2014.12.11"]
[EventType "swiss"]
[EventRounds "7"]
[EventCountry "BRA"]
[SourceTitle "EXT 2016"]
[Source "ChessBase"]
[SourceDate "2015.10.08"]
[SourceVersion "1"]
[SourceVersionDate "2015.10.08"]
[SourceQuality "1"]

1. b3 d6 2. Bb2 Nd7 3. f4 Ngf6 4. d3 c5 5. Nf3 g6 6. g3 Bg7 7. Bg2 0-0 8. e4 Rb8 9. Nbd2 b5 10. 0-0 a5 11. a4 c4 12. dxc4 bxc4 13. Nxc4 Nxe4 14. Bxg7 Kxg7 15. Nd4 Bb7 16. Qe1 d5 17. Bxe4 dxc4 18. Bxb7 Rxb7 19. Qc3 Qb6 20. Kh1 Nf6 21. Qxc4 Rc7 22. Qd3 Rd7 23. c3 Rc8 24. Rac1 Qb7+ 25. Kg1 Qe4 26. Qb5 Rxc3 0-1

[Event "BRA-ch U20"]
[Site "Blumenau"]
[Date "2014.12.12"]
[Round "3"]
[White "Weise, William Ferreira"]
[Black "De Pieri, Herik Soares"]
[Result "1/2-1/2"]
[WhiteElo "1615"]
[BlackElo "1725"]
[PlyCount "61"]
[EventDate "2014.12.11"]
[EventType "swiss"]
[EventRounds "7"]
[EventCountry "BRA"]
[SourceTitle "EXT 2016"]
[Source "ChessBase"]
[SourceDate "2015.10.08"]
[SourceVersion "1"]
[SourceVersionDate "2015.10.08"]
[SourceQuality "1"]

1. e4 e6 2. d4 b6 3. Nc3 Bb7 4. Nf3 Bb4 5. Bd3 d5 6. e5 f6 7. a3 Be7 8. 0-0 fxe5 9. Nxe5 Nf6 10. Bg5 Nbd7 11. f4 c5 12. g4 cxd4 13. Nb5 0-0 14. Bxf6 Bxf6 15. Bxh7+ Kxh7 16. Qd3+ Kg8 17. Ng6 Ba6 18. Nxf8 Nxf8 19. g5 Be7 20. Kh1 Qe8 21. a4 Rc8 22. Rf3 Qg6 23. Qxg6 Nxg6 24. Nxd4 Bb7 25. Re1 Bc5 26. c3 Bxd4 27. cxd4 Nf8 28. Rc3 Rxc3 29. bxc3 Bc6 30. h4 Bd7 31. Kg2 1/2-1/2

[Event "Florianopolis Ribeiro Neto Memorial"]
[Site "Florianopolis"]
[Date "2014.09.12"]
[Round "1"]
[White "Vercino, Bruna"]
[Black "De Pieri, Herik Soares"]
[Result "0-1"]
[WhiteElo "1754"]
[BlackElo "1743"]
[PlyCount "54"]
[EventDate "2014.09.12"]
[EventType "swiss"]
[EventRounds "6"]
[EventCountry "BRA"]
[SourceTitle "EXT 2015"]
[Source "ChessBase"]
[SourceDate "2014.11.20"]
[SourceVersion "1"]
[SourceVersionDate "2014.11.20"]
[SourceQuality "1"]

1. e4 e6 2. Nc3 d5 3. d3 Nf6 4. exd5 exd5 5. h3 Bb4 6. Bd2 0-0 7. Nf3 Re8+ 8. Be2 Qe7 9. a3 Ba5 10. b4 Bb6 11. Na4 Bd7 12. Nxb6 axb6 13. Be3 c5 14. c3 Nc6 15. Kf1 Nh5 16. Nd2 Ng3+ 17. fxg3 Qxe3 18. Nf3 cxb4 19. cxb4 Nxb4 20. Rb1 Ba4 21. Qd2 Qxd2 22. Nxd2 Nc2 23. Rxb6 Bc6 24. Kf2 Rxa3 25. Nb3 Ra2 26. Rd1 Ne3 27. Nd4 Nxd1+ 0-1

[Event "Florianopolis Santa Catarina op"]
[Site "Florianopolis"]
[Date "2014.06.22"]
[Round "6"]
[White "Basilio, Osnir Jose De Melo"]
[Black "De Pieri, Herik Soares"]
[Result "1-0"]
[WhiteElo "1780"]
[BlackElo "1863"]
[PlyCount "45"]
[EventDate "2014.06.20"]
[EventType "swiss"]
[EventRounds "6"]
[EventCountry "BRA"]
[SourceTitle "CBM 161 Extra"]
[Source "ChessBase"]
[SourceDate "2014.08.29"]
[SourceVersion "1"]
[SourceVersionDate "2014.08.29"]
[SourceQuality "1"]

1. d4 Nf6 2. Nf3 g6 3. c4 Bg7 4. Nc3 d6 5. e3 Nbd7 6. Be2 0-0 7. 0-0 Re8 8. Qc2 e5 9. d5 Nc5 10. e4 Nfd7 11. b4 Na6 12. Rb1 Nf8 13. Bd3 Qd7 14. Be3 f5 15. c5 b6 16. Bb5 Qe7 17. Bxe8 Qxe8 18. cxd6 cxd6 19. Qd3 f4 20. Bd2 Nc7 21. Rfc1 Nd7 22. Nb5 Ba6 23. Rxc7 1-0

[Event "Florianopolis Santa Catarina op"]
[Site "Florianopolis"]
[Date "2014.06.21"]
[Round "4"]
[White "De Pieri, Herik Soares"]
[Black "De Haro, Martim Alfonso"]
[Result "0-1"]
[WhiteElo "1863"]
[BlackElo "2025"]
[PlyCount "72"]
[EventDate "2014.06.20"]
[EventType "swiss"]
[EventRounds "6"]
[EventCountry "BRA"]
[SourceTitle "CBM 161 Extra"]
[Source "ChessBase"]
[SourceDate "2014.08.29"]
[SourceVersion "1"]
[SourceVersionDate "2014.08.29"]
[SourceQuality "1"]

1. e4 c5 2. Nf3 d6 3. d4 cxd4 4. Nxd4 Nf6 5. Nc3 a6 6. Be2 Qc7 7. Be3 e6 8. f4 Nbd7 9. 0-0 b5 10. a3 Bb7 11. Bf3 Nc5 12. e5 Nfe4 13. exd6 Nxd6 14. Bxb7 Qxb7 15. Qe1 Nc4 16. b3 Nxe3 17. Qxe3 0-0-0 18. f5 Bd6 19. b4 e5 20. Nf3 Nd7 21. Rad1 Nf6 22. h3 Bc7 23. Kh1 Rhe8 24. Ng5 Rxd1 25. Rxd1 Bb6 26. Qe2 e4 27. Rd6 h6 28. Nxf7 Qxf7 29. Rxb6 Qc7 30. Rxa6 Qxc3 31. Qxb5 Qa1+ 32. Kh2 Qe5+ 33. Qxe5 Rxe5 34. Re6 Rxf5 35. Re7 Kd8 36. Rxg7 e3 0-1

[Event "Florianopolis Santa Catarina op"]
[Site "Florianopolis"]
[Date "2014.06.20"]
[Round "2"]
[White "De Pieri, Herik Soares"]
[Black "Bail, Ellen Larissa"]
[Result "1/2-1/2"]
[WhiteElo "1863"]
[BlackElo "1632"]
[PlyCount "31"]
[EventDate "2014.06.20"]
[EventType "swiss"]
[EventRounds "6"]
[EventCountry "BRA"]
[SourceTitle "CBM 161 Extra"]
[Source "ChessBase"]
[SourceDate "2014.08.29"]
[SourceVersion "1"]
[SourceVersionDate "2014.08.29"]
[SourceQuality "1"]

1. e4 c5 2. Nf3 e6 3. d4 cxd4 4. Nxd4 Nc6 5. Nb5 d6 6. c4 a6 7. N5a3 Nf6 8. Nc3 Be7 9. Be2 0-0 10. Be3 Qc7 11. f4 Re8 12. 0-0 Qa5 13. Na4 Nd7 14. Bd2 Qc7 15. b4 Nb6 16. Be3 1/2-1/2

[Event "Sao Bento do Sul op 2nd"]
[Site "Sao Bento do Sul"]
[Date "2014.02.22"]
[Round "4"]
[White "De Pieri, Herik Soares"]
[Black "De Oliveira, Guilherme Alfredo B"]
[Result "1-0"]
[WhiteElo "1841"]
[BlackElo "1748"]
[PlyCount "51"]
[EventDate "2014.02.21"]
[EventType "swiss"]
[EventRounds "6"]
[EventCountry "BRA"]
[SourceTitle "CBM 159 Extra"]
[Source "ChessBase"]
[SourceDate "2014.04.24"]
[SourceVersion "1"]
[SourceVersionDate "2014.04.24"]
[SourceQuality "1"]

1. e4 c5 2. Nf3 Nc6 3. d4 cxd4 4. Nxd4 g6 5. Be3 Bg7 6. Nc3 Nf6 7. Qd2 d6 8. Bb5 Bd7 9. f3 a6 10. Bc4 Rc8 11. Bb3 b5 12. g4 Ne5 13. Bh6 0-0 14. Bxg7 Kxg7 15. 0-0-0 Nc4 16. Bxc4 Rxc4 17. a3 Qa5 18. Nb3 Qc7 19. h4 h5 20. Rdg1 hxg4 21. h5 gxh5 22. Qg5+ Kh8 23. Rxh5+ Nxh5 24. Qxh5+ Kg7 25. Qg5+ Kh8 26. Rh1# 1-0